| Record ID | marc_records_scriblio_net/part15.dat:138692239:786 |
| Source | Scriblio |
| Download Link | /show-records/marc_records_scriblio_net/part15.dat:138692239:786?format=raw |
LEADER: 00786cam 22002658a 4500
001 2005033260
003 DLC
005 20051116192758.0
008 051114s2005 nyu 000 0aeng
010 $a 2005033260
020 $a1594630062 (hardcover)
040 $aDLC$cDLC
042 $apcc
043 $an-us---
050 00 $aHQ764.M53$bA3 2005
082 00 $a363.46092$aB$222
100 1 $aMichelman, Kate.
245 10 $aWith liberty and justice for all :$ba life spent protecting the right to choose /$cKate Michelman.
260 $aNew York :$bHudson Street Press,$c2005.
263 $a0601
300 $ap. cm.
600 10 $aMichelman, Kate.
650 0 $aPro-choice movement$zUnited States$vBiography.
650 0 $aAbortion$zUnited States.
650 0 $aWomen's rights$zUnited States.